Oxford beginner's Japanese dictionary / (Record no. 7004)

MARC details
000 -LEADER
fixed length control field 01283cam a22003615a 4500
003 - CONTROL NUMBER IDENTIFIER
control field EG-ScBUE
005 - DATE AND TIME OF LATEST TRANSACTION
control field 20191204120734.0
008 - FIXED-LENGTH DATA ELEMENTS--GENERAL INFORMATION
fixed length control field 180828r20062000enk f d 000 0 mul d
020 ## - INTERNATIONAL STANDARD BOOK NUMBER
International Standard Book Number 0199298521
020 ## - INTERNATIONAL STANDARD BOOK NUMBER
International Standard Book Number 9780199298525
040 ## - CATALOGING SOURCE
Original cataloging agency EG-SCBUE
Language of cataloging eng
Transcribing agency EG-SCBUE
Modifying agency EG-SCBUE
041 0# - LANGUAGE CODE
Language code of text/sound track or separate title jpn
-- eng
082 04 - DEWEY DECIMAL CLASSIFICATION NUMBER
Classification number 495.6321
Item number OXF
Edition number 22
100 ## - MAIN ENTRY--PERSONAL NAME
Personal name
245 00 - TITLE STATEMENT
Title Oxford beginner's Japanese dictionary /
Statement of responsibility, etc edited by Jonathan Bunt, Gillian Hall.
250 ## - EDITION STATEMENT
Edition statement Reprint edition.
264 #1 - PUBLICATION, DISTRIBUTION, ETC. (IMPRINT)
Place of publication, distribution, etc Oxford ;
-- New York :
Name of publisher, distributor, etc Oxford University Press,
Date of publication, distribution, etc 2006.
300 ## - PHYSICAL DESCRIPTION
Extent xvi, 464 pages ;
Dimensions 20 cm
336 ## - CONTENT TYPE
Source rdacontent
Content type term text
Content type code txt
337 ## - MEDIA TYPE
Source rdamedia
Media type term unmediated
Media type code n
338 ## - CARRIER TYPE
Source rdacarrier
Carrier type term volume
Carrier type code nc
500 ## - GENERAL NOTE
General note First published as The Oxford starter Japanese dictionary 2000.
500 ## - GENERAL NOTE
General note Includes appendices.
546 ## - LANGUAGE NOTE
Language note Text in Japanese and English.
650 #7 - SUBJECT ADDED ENTRY--TOPICAL TERM
Topical term or geographic name as entry element Japanese language
Form subdivision Dictionaries
General subdivision English.
Source of heading or term BUEsh
650 #7 - SUBJECT ADDED ENTRY--TOPICAL TERM
Topical term or geographic name as entry element English language
Form subdivision Dictionaries
General subdivision Japanese.
Source of heading or term BUEsh
653 ## - INDEX TERM--UNCONTROLLED
Resource For college Humanities: English
Arrived date list August2018
655 ## - INDEX TERM--GENRE/FORM
Form subdivision Reading book
700 1# - ADDED ENTRY--PERSONAL NAME
Personal name Bunt, Jonathan,
Relator term editor.
700 1# - ADDED ENTRY--PERSONAL NAME
Personal name Hall, Gillian,
Relator term editor.
856 42 - ELECTRONIC LOCATION AND ACCESS
Materials specified Publisher description
Uniform Resource Identifier <a href="http://www.loc.gov/catdir/enhancements/fy0725/2006046440-d.html">http://www.loc.gov/catdir/enhancements/fy0725/2006046440-d.html</a>
942 ## - ADDED ENTRY ELEMENTS (KOHA)
Source of classification or shelving scheme Dewey Decimal Classification
Koha item type Reference (NB)
Holdings
Withdrawn status Lost status Source of classification or shelving scheme Damaged status Not for loan Collection code Home library Current library Shelving location Date acquired Source of acquisition Cost, normal purchase price Total Checkouts Full call number Barcode Date last seen Koha item type
    Dewey Decimal Classification     Alahram Central Library Central Library Second Floor 07/12/2011 Purchase 111.40   495.6321 OXF 000008362 15/07/2025 Reference (NB)